00650nam a2200157 450000500170000000800410001702000150005808200150007311100630008824501590015126000780031030000180038865000310040665000270043765000280046420240113131351.0231226b2002 |||||||| |||| 00| 0 eng d a9559078119 a303.6bINT aInternational Women's Mission to North East of Sri Lanka,  aWomen's concerns and the peace process -findings and recommendations:bInternational Women's Mission to North East of Sri Lanka, 12th to 17th October 2002 aNawala:bInternational Women's Mission to North East of Sri Lanka, c2002 a40 p. ; 22 cm aEthnic conflict -Sri Lanka aRural women- Sri Lanka aWomen and war Sri Lanka